Jóvenes nini : del concepto a sus trayectorias de vida en pandemia /

Saved in:
Bibliographic Details
Main Author: Rincón, María Juliana (autora.)
Other Authors: Rojas Wilches, Sonia Bibiana (autora.), Alejo Barrera, Didier Augusto (autor.), Meneses Cabrera, Tania (autora.), Agudelo Ramírez, Alexandra (autora.), Zuluaga Cruz, Leidy Mariam (autora.)
Format: eBook
Language:Spanish
Published: Bogotá : Sello Editorial UNAD, 2023.
Series:Escuela de Ciencias Sociales, Artes y Humanidades - ECSAH.
Subjects:
Online Access:https://elibro.unach.elogim.com/es/lc/unach/titulos/288175
Tags: Add Tag
No Tags, Be the first to tag this record!

MARC

LEADER 00000nam a2200000 i 4500
001 ELB288175
003 FINmELB
005 20251205221000.0
006 m o d |
007 cr cnu||||||||
008 251125s2023 ck o 001 0 spa d
020 |a 9789586519274  |q (e-book) 
020 |a 9789586519113  |q (print) 
035 |a (OCoLC)1564683845 
040 |a FINmELB  |b spa  |e rda  |c FINmELB 
050 4 |a HQ799.9  |b R579 2023 
080 |a 316.6 
082 0 4 |a 305.235  |2 23 
100 1 |a Rincón, María Juliana,  |e autora. 
245 1 0 |a Jóvenes nini :  |b del concepto a sus trayectorias de vida en pandemia /  |c María Juliana Rincón, Sonia Bibiana Rojas Wilches, Didier Augusto Alejo Barrera, Tania Meneses Cabrera, Alexandra Agudelo Ramírez, Leidy Mariam Zuluaga Cruz, Claudia Rondón Bohórquez, Jaime Enrique Peña, Sonia Rodríguez, Luz Adriana Tirado. 
264 1 |a Bogotá :  |b Sello Editorial UNAD,  |c 2023. 
300 |a 1 recurso en línea (163 páginas) 
336 |a texto  |b txt  |2 rdacontent/spa 
337 |a computadora  |b c  |2 rdamedia/spa 
338 |a recurso en línea  |b cr  |2 rdacarrier/spa 
490 1 |a Escuela de Ciencias Sociales, Artes y Humanidades - ECSAH 
500 |a Incluye índice. 
588 |a Descripción basada en metadatos suministrados por el editor y otras fuentes. 
590 |a Recurso electrónico. Santa Fe, Arg.: elibro, 2025. Disponible vía World Wide Web. El acceso puede estar limitado para las bibliotecas afiliadas a elibro. 
650 4 |a Juventud  |x Problemas sociales. 
650 4 |a Juventud  |x Condiciones sociales  |z Colombia  |y Pandemia de COVID-19. 
655 4 |a Libros electrónicos. 
700 1 |a Rojas Wilches, Sonia Bibiana,  |e autora. 
700 1 |a Alejo Barrera, Didier Augusto,  |e autor. 
700 1 |a Meneses Cabrera, Tania,  |e autora. 
700 1 |a Agudelo Ramírez, Alexandra,  |e autora. 
700 1 |a Zuluaga Cruz, Leidy Mariam,  |e autora. 
797 2 |a elibro, Corp. 
830 0 |a Escuela de Ciencias Sociales, Artes y Humanidades - ECSAH. 
856 4 0 |u https://elibro.unach.elogim.com/es/lc/unach/titulos/288175